[Event "Maplewood Pro Cup"]
[Site "Montreal CAN"]
[Date "2024.06.01"]
[Round "2.19"]
[White "Nassif, Aba"]
[Black "Duval, Merlin"]
[Result "1-0"]
[WhiteElo "1929"]
[BlackElo "1753"]
[PlyCount "97"]
[EventDate "2024.05.31"]
[EventType "swiss"]
[EventRounds "6"]
[EventCountry "CAN"]

1. d4 Nf6 2. Nc3 g6 3. e4 d6 4. Nf3 Bg7 5. h3 O-O 6. Bf4 Nc6 7. Be2 Nd7 8. d5
Nce5 9. Qd2 c6 10. O-O-O Qa5 11. Bh6 Nxf3 12. gxf3 Bxc3 13. Qxc3 Qxc3 14. bxc3
Re8 15. h4 cxd5 16. Rxd5 Nf6 17. Rd4 Be6 18. Kb2 Rac8 19. Be3 Rc7 20. Ra4 a6
21. h5 Rec8 22. hxg6 fxg6 23. Bd2 Nd7 24. Ka1 Nc5 25. Rd4 b5 26. f4 Na4 27. Bd3
Nxc3 28. f5 Bf7 29. fxg6 Bxg6 30. f4 e5 31. Rxd6 Bxe4 32. Rg1+ Kf7 33. fxe5
Bxd3 34. cxd3 Nxa2 35. Rf1+ Ke8 36. Rxa6 Nc1 37. Re6+ Kd7 38. Rd6+ Ke8 39. Bg5
Ne2 40. Kb2 Rc2+ 41. Kb3 R8c3+ 42. Kb4 Rc8 43. Ka5 Nc3 44. e6 Ra2+ 45. Kb6 Raa8
46. e7 Rab8+ 47. Ka5 Ra8+ 48. Kb4 Na4 49. Rf8# 1-0

[Event "Maplewood Pro Cup"]
[Site "Montreal CAN"]
[Date "2024.06.01"]
[Round "2.21"]
[White "Mok, Yuen Tak"]
[Black "Jutras, Arnaud"]
[Result "1/2-1/2"]
[WhiteElo "1918"]
[BlackElo "1684"]
[PlyCount "71"]
[EventDate "2024.05.31"]
[EventType "swiss"]
[EventRounds "6"]
[EventCountry "CAN"]

1. e4 c6 2. d4 d5 3. e5 c5 4. c3 Nc6 5. Be2 Bf5 6. Nf3 e6 7. O-O Bg6 8. Be3
cxd4 9. Nxd4 Nxe5 10. Qa4+ Nd7 11. c4 Ngf6 12. Nc3 Be7 13. cxd5 Nxd5 14. Nxd5
exd5 15. Bf3 O-O 16. Qb3 Nc5 17. Qxd5 Qxd5 18. Bxd5 Rfd8 19. Bf3 Be4 20. Rac1
Bxf3 21. Nxf3 b6 22. Rfd1 Nd3 23. Rb1 Nxb2 24. Rdc1 Nd3 25. Rc3 Bc5 26. Bxc5
Nxc5 27. Ne5 Rd6 28. Nc4 Rd4 29. Kf1 f6 30. Ne3 Kf7 31. Ke2 Rad8 32. Rd1 Rxd1
33. Nxd1 Ke6 34. Ne3 Ne4 35. Rc2 Nd6 36. Rc7 1/2-1/2

[Event "Maplewood Pro Cup"]
[Site "Montreal CAN"]
[Date "2024.06.01"]
[Round "3.5"]
[White "Saha, Ananda"]
[Black "Ouellet, Maili-Jade"]
[Result "0-1"]
[WhiteElo "2122"]
[BlackElo "2280"]
[PlyCount "70"]
[EventDate "2024.05.31"]
[EventType "swiss"]
[EventRounds "6"]
[EventCountry "CAN"]

1. Nf3 d5 2. g3 Nd7 3. b3 e5 4. Bb2 Bd6 5. Bg2 Ngf6 6. d4 e4 7. Nfd2 h5 8. e3
h4 9. c4 c6 10. Nc3 a6 11. Rc1 Nf8 12. Qc2 h3 13. Bf1 Ne6 14. f4 Bd7 15. Be2
Rc8 16. O-O g6 17. g4 Rh4 18. g5 Ng4 19. Ndxe4 dxe4 20. Nxe4 Be7 21. Rf3 Ng7
22. Rg3 Bf5 23. Bd3 f6 24. Kh1 fxg5 25. fxg5 Bxg5 26. d5 cxd5 27. Nxg5 Bxd3 28.
Qc3 d4 29. exd4 Qxg5 30. Re1+ Kd8 31. d5 Qf5 32. Qa5+ Rc7 33. Qd2 Nh5 34. d6
Nxg3+ 35. hxg3 Qf3+ 0-1

[Event "Maplewood Pro Cup"]
[Site "Montreal CAN"]
[Date "2024.06.01"]
[Round "3.7"]
[White "Wang, Tianqi"]
[Black "Abrahams, Daniel"]
[Result "1-0"]
[WhiteElo "2334"]
[BlackElo "2153"]
[PlyCount "47"]
[EventDate "2024.05.31"]
[EventType "swiss"]
[EventRounds "6"]
[EventCountry "CAN"]

1. b3 Nf6 2. Bb2 e6 3. Nf3 c5 4. e3 b6 5. d4 Bb7 6. Bd3 Be7 7. Nbd2 O-O 8. O-O
Nc6 9. c4 cxd4 10. exd4 d5 11. Qe2 Re8 12. Rac1 Bf8 13. a3 dxc4 14. bxc4 Qd6
15. Bb1 Ne7 16. Ne5 Ng6 17. f4 Rac8 18. Qe3 b5 19. c5 Qd5 20. Ndf3 Nh5 21. c6
Ba8 22. Be4 Qd6 23. Ng5 f5 24. Bxf5 1-0

[Event "Maplewood Pro Cup"]
[Site "Montreal CAN"]
[Date "2024.06.01"]
[Round "3.8"]
[White "Gutierrez, Renzo"]
[Black "Libersan, Thierry"]
[Result "1-0"]
[WhiteElo "2191"]
[BlackElo "1945"]
[PlyCount "101"]
[EventDate "2024.05.31"]
[EventType "swiss"]
[EventRounds "6"]
[EventCountry "CAN"]

1. e4 c5 2. d3 Nc6 3. g3 g6 4. Bg2 Bg7 5. f4 d6 6. a4 e6 7. Nf3 Nge7 8. O-O Rb8
9. c3 O-O 10. Be3 f5 11. Na3 a6 12. e5 Nd5 13. Bf2 dxe5 14. fxe5 Nxe5 15. Nxe5
Bxe5 16. Bxc5 Bd6 17. Ba7 Bd7 18. Nc4 Bc7 19. Bxb8 Qxb8 20. d4 b5 21. Bxd5 bxc4
22. Bxc4 Qxb2 23. Qb3 Qxb3 24. Bxb3 Kf7 25. a5 Bc6 26. Bc4 Bb7 27. Rfe1 Bc8 28.
Re2 Rd8 29. Kf2 Kf6 30. Rd2 Rd6 31. Bf1 Rd5 32. Rda2 g5 33. Ke3 e5 34. Ra4 Bd7
35. Rc4 Bxa5 36. Rc5 f4+ 37. gxf4 gxf4+ 38. Kd3 Rxc5 39. dxc5 Bf5+ 40. Kc4 Be6+
41. Kd3 Bf5+ 42. Kd2 Bc7 43. Rxa6+ Ke7 44. Ra7 Kd8 45. Ra8+ Ke7 46. Bb5 e4 47.
Bc6 Be5 48. Re8+ Kf6 49. Rf8+ Kg5 50. Rg8+ Bg6 51. Bxe4 1-0

[Event "Maplewood Pro Cup"]
[Site "Montreal CAN"]
[Date "2024.06.01"]
[Round "3.9"]
[White "Zhong, Ryan Yunhui"]
[Black "Derraugh, Geordie"]
[Result "1-0"]
[WhiteElo "1934"]
[BlackElo "2177"]
[PlyCount "123"]
[EventDate "2024.05.31"]
[EventType "swiss"]
[EventRounds "6"]
[EventCountry "CAN"]

1. e4 c5 2. Nf3 e6 3. c3 Nf6 4. e5 Nd5 5. d4 cxd4 6. cxd4 d6 7. Bc4 Nc6 8. O-O
Be7 9. Qe2 O-O 10. Nc3 Nxc3 11. bxc3 dxe5 12. dxe5 Qa5 13. Rb1 a6 14. Qe4 g6
15. Bh6 Rd8 16. Be3 Qa4 17. Bb6 Rd7 18. Qe2 Bd8 19. Bc5 b5 20. Bb3 Qg4 21. h3
Qh5 22. a4 Rb8 23. Rfe1 Na5 24. Bc2 Bb7 25. axb5 Bxf3 26. gxf3 axb5 27. Rxb5
Rc8 28. Be4 f5 29. Bb1 Nc6 30. Ba2 Kf7 31. Bd6 Qg5+ 32. Kh1 Re7 33. Bxe7 Qxe7
34. Reb1 Rc7 35. f4 Qa3 36. Qc4 Re7 37. Rb7 Bc7 38. Rxc7 Rxc7 39. Qxe6+ Kg7 40.
Qf6+ Kh6 41. Qg5+ Kg7 42. Bd5 Qxc3 43. Qf6+ Kh6 44. Qg5+ Kg7 45. Qf6+ Kh6 46.
Qf8+ Kh5 47. Kg2 Nd4 48. Rd1 Rc8 49. Qg7 Rc7 50. Qf8 Rc8 51. Qe7 Kh6 52. Qg5+
Kg7 53. Qf6+ Kh6 54. Qg5+ Kg7 55. Qf6+ Kh6 56. e6 Ne2 57. Qg5+ Kg7 58. Bb7 Qb4
59. Rd7+ Kg8 60. Qf6 Nxf4+ 61. Kh2 Qf8 62. Qf7+ 1-0

[Event "Maplewood Pro Cup"]
[Site "Montreal CAN"]
[Date "2024.06.01"]
[Round "3.12"]
[White "Kiryakov, Marin"]
[Black "Joseph, Jonath"]
[Result "0-1"]
[WhiteElo "1828"]
[BlackElo "2055"]
[PlyCount "86"]
[EventDate "2024.05.31"]
[EventType "swiss"]
[EventRounds "6"]
[EventCountry "CAN"]

1. e4 e5 2. Nf3 Nc6 3. d4 exd4 4. Bc4 Nf6 5. e5 d5 6. Bb5 Nd7 7. O-O Be7 8.
Bxc6 bxc6 9. Nxd4 Nb8 10. c3 O-O 11. f4 f6 12. Nf3 Bg4 13. h3 Bc5+ 14. Kh2 Bxf3
15. Rxf3 fxe5 16. fxe5 Rxf3 17. Qxf3 Qe7 18. Bf4 Nd7 19. Qg3 Re8 20. b4 Bb6 21.
a4 a6 22. e6 Qxe6 23. Bxc7 Qe1 24. Qxe1 Rxe1 25. Bxb6 Nxb6 26. b5 cxb5 27. axb5
a5 28. Kg3 a4 29. Kf2 Rc1 30. Ke2 Nc4 31. Kd3 Kf7 32. Kd4 Ke6 33. Kc5 a3 34.
Rxa3 Nxa3 35. Nxa3 Rxc3+ 36. Kb4 Rc8 37. Ka5 d4 38. Kb6 d3 39. Nb1 Rc2 40. Ka7
d2 41. Nxd2 Rxd2 42. b6 Ra2+ 43. Kb7 Rxg2 0-1

[Event "Maplewood Pro Cup"]
[Site "Montreal CAN"]
[Date "2024.06.01"]
[Round "3.13"]
[White "Lin, Leo"]
[Black "Wang, Rachel"]
[Result "1-0"]
[WhiteElo "2011"]
[BlackElo "1794"]
[PlyCount "83"]
[EventDate "2024.05.31"]
[EventType "swiss"]
[EventRounds "6"]
[EventCountry "CAN"]

1. e4 c5 2. c3 Nf6 3. e5 Nd5 4. Nf3 Nc6 5. Bc4 e6 6. d4 cxd4 7. cxd4 d6 8. O-O
Be7 9. Qe2 O-O 10. Rd1 Na5 11. Bd3 Nb4 12. Nc3 Nxd3 13. Qxd3 b6 14. Bf4 Bb7 15.
exd6 Bxd6 16. Ng5 g6 17. Qh3 h5 18. Nxe6 Bc8 19. Nxd8 Bxh3 20. Bxd6 Rfxd8 21.
Bc7 Rd7 22. Bxb6 axb6 23. gxh3 Rad8 24. d5 Nc4 25. b3 Ne5 26. Kg2 g5 27. Rd4
Ng6 28. Rad1 Nf4+ 29. Kg3 Kg7 30. h4 f6 31. hxg5 fxg5 32. h4 Ne6 33. Rb4 Rd6
34. dxe6 Rxd1 35. Nxd1 Rxd1 36. hxg5 Re1 37. Rxb6 Kg6 38. f4 Kf5 39. Rb5+ Kxe6
40. Re5+ Rxe5 41. fxe5 Kxe5 42. Kh4 1-0

[Event "Maplewood Pro Cup"]
[Site "Montreal CAN"]
[Date "2024.06.01"]
[Round "3.14"]
[White "Genzling, Jerome"]
[Black "Dudko, Andrii"]
[Result "1-0"]
[WhiteElo "1989"]
[BlackElo "1727"]
[PlyCount "121"]
[EventDate "2024.05.31"]
[EventType "swiss"]
[EventRounds "6"]
[EventCountry "CAN"]

1. e4 c5 2. Nf3 d6 3. d4 cxd4 4. Nxd4 Nf6 5. Nc3 a6 6. g3 e5 7. Nde2 Be7 8. Bg2
O-O 9. a4 Be6 10. O-O Nbd7 11. h3 Nb6 12. b3 Qc7 13. Be3 Rfd8 14. a5 Nc8 15.
Nd5 Nxd5 16. exd5 Bf5 17. c4 Bf6 18. Ra2 Qd7 19. Kh2 Ne7 20. Nc3 Bg6 21. g4 h6
22. Na4 Nc8 23. Re2 Be7 24. f4 f5 25. gxf5 Bh5 26. Bf3 Qxf5 27. Rg2 Bxf3 28.
Qxf3 Rf8 29. Qg4 Qxg4 30. Rxg4 exf4 31. Rgxf4 Bf6 32. Bd4 Be7 33. Kg3 Rxf4 34.
Rxf4 Bg5 35. Re4 Ne7 36. Kg4 Kf7 37. Re6 Rd8 38. Nc3 Ng6 39. Ne4 Be7 40. Ng3
Nf8 41. Re2 g6 42. Rf2+ Kg8 43. Ne4 Re8 44. Bf6 Nd7 45. Bxe7 Ne5+ 46. Kg3 Rxe7
47. Nxd6 Nd3 48. Rf6 Kg7 49. Re6 Rxe6 50. dxe6 Kf6 51. Nxb7 Kxe6 52. Kf3 g5 53.
Ke3 Nf4 54. Nc5+ Kd6 55. Nxa6 Nxh3 56. Nb4 g4 57. a6 Kc7 58. Nd5+ Kb8 59. b4
Ng5 60. b5 Ne6 61. b6 1-0

[Event "Maplewood Pro Cup"]
[Site "Montreal CAN"]
[Date "2024.06.01"]
[Round "3.15"]
[White "Morin, Richer"]
[Black "Marchand, Calix"]
[Result "0-1"]
[WhiteElo "1568"]
[BlackElo "1973"]
[PlyCount "72"]
[EventDate "2024.05.31"]
[EventType "swiss"]
[EventRounds "6"]
[EventCountry "CAN"]

1. e4 c5 2. Nf3 e6 3. c3 d5 4. e5 d4 5. d3 Nc6 6. g3 Nge7 7. Bg2 Ng6 8. Qe2 Qc7
9. Na3 a6 10. O-O dxc3 11. bxc3 Ncxe5 12. Nxe5 Qxe5 13. Qc2 Qc7 14. h4 h5 15.
Rb1 Rb8 16. Qe2 b5 17. d4 Be7 18. Re1 O-O 19. Qxh5 cxd4 20. cxd4 b4 21. Be4
bxa3 22. Bf4 Bd6 23. Rbc1 Qd8 24. Bg5 Qe8 25. d5 Rb2 26. Rc6 exd5 27. Rxc8 Qxc8
28. Bxd5 Qf5 29. Qf3 Qxf3 30. Bxf3 Rxa2 31. h5 Ne5 32. Bb7 Rb2 33. Be4 Bc5 34.
Be3 Bxe3 35. Rxe3 a2 36. Re1 Rfb8 0-1

[Event "Maplewood Pro Cup"]
[Site "Montreal CAN"]
[Date "2024.06.01"]
[Round "3.16"]
[White "Di Matteo, Alessio"]
[Black "Mok, Yuen Tak"]
[Result "0-1"]
[WhiteElo "1847"]
[BlackElo "1918"]
[PlyCount "136"]
[EventDate "2024.05.31"]
[EventType "swiss"]
[EventRounds "6"]
[EventCountry "CAN"]

1. d4 d5 2. c4 e6 3. Nf3 c6 4. Nc3 dxc4 5. g3 Nd7 6. Bg2 Ngf6 7. O-O Be7 8. a4
O-O 9. Qc2 Bd6 10. Rd1 Qe7 11. Nd2 e5 12. Nxc4 Bc7 13. Ne3 exd4 14. Nf5 Qc5 15.
Nxd4 Qh5 16. Nf5 Re8 17. Bf3 Qh3 18. Bg2 Qh5 19. Bf3 Qg6 20. Nd4 Ne5 21. Qxg6
Nxf3+ 22. exf3 hxg6 23. Kg2 Bd7 24. Bg5 Bb6 25. a5 Bxd4 26. Rxd4 Bf5 27. Rad1
Nh7 28. Bf4 Nf6 29. Rb4 Re7 30. Bg5 Rae8 31. g4 Bc8 32. Ne4 Re6 33. Bxf6 gxf6
34. Rd6 Kg7 35. Rd2 R6e7 36. Nd6 Rh8 37. Kg3 Kh7 38. Ne4 Kg7 39. Rd6 f5 40. Nf6
Be6 41. g5 Rc8 42. Rbd4 c5 43. Rh4 Rec7 44. Rh6 Rc6 45. Rh7+ Kf8 46. Rd3 Ke7
47. Kf4 c4 48. Ra3 Rc5 49. h4 Kd6 50. h5 gxh5 51. Rxh5 Rb5 52. a6 b6 53. Re3
Rxb2 54. Rh1 Rd2 55. Rc3 b5 56. Ke3 Rb2 57. Rh7 b4 58. Rc1 c3 59. g6 fxg6 60.
Rxa7 Ra2 61. Rb7 b3 62. Rb6+ Ke7 63. Nh7 b2 64. Rg1 c2 65. Rxg6 c1=Q+ 66. Kd4
Ra4+ 67. Kd3 Rd8+ 68. Ke2 Bc4# 0-1

[Event "Maplewood Pro Cup"]
[Site "Montreal CAN"]
[Date "2024.06.01"]
[Round "3.17"]
[White "Jacquet, Stephane"]
[Black "Jutras, Arnaud"]
[Result "1-0"]
[WhiteElo "1907"]
[BlackElo "1684"]
[PlyCount "61"]
[EventDate "2024.05.31"]
[EventType "swiss"]
[EventRounds "6"]
[EventCountry "CAN"]

1. d4 d5 2. c4 c6 3. Nc3 Nf6 4. Nf3 dxc4 5. a4 Bf5 6. Nh4 Bg4 7. h3 Bh5 8. g4
Bg6 9. Nxg6 hxg6 10. e4 e6 11. Bxc4 Bb4 12. e5 Nd5 13. Qd3 Nd7 14. O-O N7b6 15.
Bb3 a6 16. Rd1 Rc8 17. Ne4 O-O 18. a5 Nd7 19. Bg5 Qc7 20. Qf3 Nb8 21. Ra4 Be7
22. Bxe7 Qxe7 23. Nd6 Rc7 24. Rc1 b5 25. Raa1 f5 26. Qg3 Rd8 27. gxf5 gxf5 28.
Kh1 Nf6 29. Nxf5 Qd7 30. exf6 Kh7 31. Ne7 1-0

[Event "Maplewood Pro Cup"]
[Site "Montreal CAN"]
[Date "2024.06.01"]
[Round "3.18"]
[White "Lu, Tony"]
[Black "Duval, Mathieu"]
[Result "1/2-1/2"]
[WhiteElo "1968"]
[BlackElo "1872"]
[PlyCount "92"]
[EventDate "2024.05.31"]
[EventType "swiss"]
[EventRounds "6"]
[EventCountry "CAN"]

1. e4 c5 2. Nf3 Nc6 3. d4 cxd4 4. Nxd4 Nf6 5. Nc3 e5 6. Ndb5 d6 7. Bg5 a6 8.
Na3 b5 9. Nd5 Be7 10. Bxf6 Bxf6 11. c3 O-O 12. Nc2 g6 13. a4 Rb8 14. axb5 axb5
15. Bd3 Bg7 16. Qe2 f5 17. Bxb5 Ne7 18. Ncb4 fxe4 19. Nxe7+ Qxe7 20. Nc6 Qb7
21. Nxb8 Qxb8 22. Bc4+ Kh8 23. Bd5 Bb7 24. Rd1 e3 25. fxe3 Bh6 26. Rf1 Rxf1+
27. Qxf1 Bxd5 28. Rxd5 Qxb2 29. Qd3 Qxg2 30. Rxd6 Bg5 31. Qe2 Qg1+ 32. Kd2 e4
33. Rd4 Qb1 34. Rc4 Bh4 35. Rb4 Qa2+ 36. Kd1 Qa1+ 37. Kc2 Qa2+ 38. Rb2 Qa4+ 39.
Kb1 Bf6 40. Qd2 Qc6 41. Rb3 h5 42. Qe2 Qd5 43. Kc2 Qc5 44. Rb5 Qxc3+ 45. Kd1
Qa1+ 46. Kd2 Qc3+ 1/2-1/2

[Event "Maplewood Pro Cup"]
[Site "Montreal CAN"]
[Date "2024.06.01"]
[Round "3.19"]
[White "Nassar, Marc"]
[Black "Zhong, April"]
[Result "1-0"]
[WhiteElo "1929"]
[BlackElo "1832"]
[PlyCount "69"]
[EventDate "2024.05.31"]
[EventType "swiss"]
[EventRounds "6"]
[EventCountry "CAN"]

1. e4 e6 2. d4 d5 3. Nc3 Nf6 4. e5 Nfd7 5. f4 c5 6. Nf3 Nc6 7. Be3 a6 8. Qd2 b5
9. dxc5 Bxc5 10. Bd3 Qb6 11. Bf2 Bb7 12. O-O Rc8 13. a3 Na5 14. f5 Bxf2+ 15.
Rxf2 Nc4 16. Qg5 g6 17. fxe6 fxe6 18. Qh6 Rf8 19. Qxh7 Ncxe5 20. Bxg6+ Nxg6 21.
Qxg6+ Ke7 22. Re1 Nf6 23. Ng5 Ne4 24. Ncxe4 dxe4 25. Qg7+ Kd6 26. Rd1+ Bd5 27.
Nxe4+ Kc6 28. Nf6 Qc5 29. b4 Qc3 30. Qd7+ Kb6 31. Nxd5+ exd5 32. Rxf8 Qe3+ 33.
Kh1 Rxc2 34. Rf6+ Rc6 35. Rxc6# 1-0

[Event "Maplewood Pro Cup"]
[Site "Montreal CAN"]
[Date "2024.06.01"]
[Round "3.20"]
[White "Li, Yilin"]
[Black "Jiang, Barron Jiyu"]
[Result "1-0"]
[WhiteElo "1919"]
[BlackElo "1807"]
[PlyCount "147"]
[EventDate "2024.05.31"]
[EventType "swiss"]
[EventRounds "6"]
[EventCountry "CAN"]

1. e4 c5 2. Nf3 d6 3. d4 cxd4 4. Nxd4 Nf6 5. Nc3 a6 6. Be3 e5 7. Nb3 Be6 8. Nd5
Nbd7 9. f3 Rc8 10. c4 Bxd5 11. cxd5 Be7 12. Qd2 O-O 13. Bd3 Nc5 14. Nxc5 dxc5
15. Rc1 Ne8 16. O-O b5 17. b3 f5 18. exf5 Kh8 19. Be4 Nd6 20. g4 c4 21. Kh1 a5
22. Qf2 g6 23. Qg3 Bh4 24. Qxe5+ Bf6 25. Qf4 g5 26. Qg3 Re8 27. Qg2 Nxe4 28.
fxe4 Qe7 29. Bb6 Qxe4 30. Bxa5 c3 31. d6 Qxg2+ 32. Kxg2 Re4 33. h3 b4 34. d7
Ra8 35. Rfe1 Rxe1 36. Rxe1 Rxa5 37. Re6 Rxa2+ 38. Kf3 Rd2 39. Rxf6 Rxd7 40. Rc6
Rd4 41. Rc7 Kg8 42. Ke3 Rf4 43. Rc4 h6 44. Rc7 Kf8 45. Ke2 Re4+ 46. Kd3 Rf4 47.
Ke3 Kg8 48. Rc6 Rf1 49. Kd3 Rd1+ 50. Kc2 Rd2+ 51. Kc1 Kg7 52. Rc4 Rd3 53. Rxb4
Rxh3 54. Kc2 Kf6 55. Re4 h5 56. Re6+ Kf7 57. gxh5 Rxh5 58. Kxc3 g4 59. Rg6 Rxf5
60. Rxg4 Ke6 61. Rd4 Rd5 62. Rxd5 Kxd5 63. Kb4 Kc6 64. Ka5 Kb7 65. Kb5 Kc7 66.
Ka6 Kb8 67. Kb6 Ka8 68. Kc7 Ka7 69. b4 Ka6 70. Kc6 Ka7 71. b5 Ka8 72. Kc7 Ka7
73. b6+ Ka6 74. b7 1-0

[Event "Maplewood Pro Cup"]
[Site "Montreal CAN"]
[Date "2024.06.01"]
[Round "3.21"]
[White "Berube, Maximilien"]
[Black "Singher, Jean-Pierre"]
[Result "1/2-1/2"]
[WhiteElo "1875"]
[BlackElo "1911"]
[PlyCount "90"]
[EventDate "2024.05.31"]
[EventType "swiss"]
[EventRounds "6"]
[EventCountry "CAN"]

1. e4 c5 2. Nf3 Nc6 3. Bb5 Nf6 4. Bxc6 dxc6 5. d3 Bg4 6. h3 Bxf3 7. Qxf3 g6 8.
O-O Bg7 9. Be3 Nd7 10. Nc3 O-O 11. Qe2 b6 12. a4 a5 13. Qd2 e5 14. Rae1 Re8 15.
Nb1 Nf8 16. Na3 Ne6 17. Nc4 Ra7 18. Qc3 b5 19. Nd2 Qe7 20. Nb3 b4 21. Qc4 Bf8
22. f4 exf4 23. Bxf4 Nxf4 24. Rxf4 Qe6 25. Nd2 Bh6 26. Qxe6 Rxe6 27. Rf2 Bxd2
28. Rxd2 f5 29. b3 Rae7 30. Rde2 fxe4 31. Rxe4 Rxe4 32. dxe4 Rd7 33. Kf2 Kf7
34. Ke3 Ke6 35. Rf1 c4 36. bxc4 c5 37. Rf8 Rd4 38. Re8+ Kf6 39. Rf8+ Kg7 40.
Ra8 Rxc4 41. Kd3 Rc3+ 42. Kd2 Rg3 43. Rxa5 Rxg2+ 44. Kd1 Rg1+ 45. Kd2 Rg2+
1/2-1/2

[Event "Maplewood Pro Cup"]
[Site "Montreal CAN"]
[Date "2024.06.01"]
[Round "3.22"]
[White "Filion, Samuel"]
[Black "Gao, Heye"]
[Result "1/2-1/2"]
[WhiteElo "1812"]
[BlackElo "1908"]
[PlyCount "96"]
[EventDate "2024.05.31"]
[EventType "swiss"]
[EventRounds "6"]
[EventCountry "CAN"]

1. e4 e5 2. Nf3 Nc6 3. Bc4 Bc5 4. c3 Nf6 5. d3 h6 6. Nbd2 a5 7. a4 O-O 8. O-O
d6 9. Re1 Be6 10. Bb3 Ba7 11. Nf1 Re8 12. Ng3 d5 13. Bc2 Qd7 14. Bd2 Rad8 15.
Qe2 dxe4 16. dxe4 Qe7 17. Be3 Bxe3 18. Qxe3 Kh7 19. Red1 g6 20. Rxd8 Rxd8 21.
Rd1 Rxd1+ 22. Bxd1 Kg7 23. Bc2 Qd6 24. Nf1 Nd7 25. N1d2 Nc5 26. b3 Nd7 27. Nb1
f5 28. exf5 Bxf5 29. Bxf5 Qd1+ 30. Qe1 Qxe1+ 31. Nxe1 gxf5 32. Nd2 Nc5 33. Kf1
Kf6 34. Ke2 Ke6 35. Nd3 Nxd3 36. Kxd3 Kd5 37. f3 b6 38. g3 Nd8 39. h3 Ne6 40.
b4 axb4 41. cxb4 c5 42. b5 Nd4 43. g4 fxg4 44. fxg4 Ne6 45. Nc4 Nf4+ 46. Kc3
Ne2+ 47. Kb3 Nd4+ 48. Kc3 Ne2+ 1/2-1/2

[Event "Maplewood Pro Cup"]
[Site "Montreal CAN"]
[Date "2024.06.01"]
[Round "4.4"]
[White "Joseph, Jonath"]
[Black "Wang, Tianqi"]
[Result "0-1"]
[WhiteElo "2055"]
[BlackElo "2334"]
[PlyCount "53"]
[EventDate "2024.05.31"]
[EventType "swiss"]
[EventRounds "6"]
[EventCountry "CAN"]

1. Nf3 d5 2. b3 c6 3. Bb2 Bf5 4. e3 h6 5. d4 e6 6. Bd3 Bd6 7. O-O Nf6 8. Nbd2
Nbd7 9. Qe2 Qe7 10. e4 dxe4 11. Bxe4 Nxe4 12. Nxe4 Bxe4 13. Qxe4 Nf6 14. Qe2
Ba3 15. Bxa3 Qxa3 16. c4 O-O 17. h3 Rfd8 18. Rfd1 g5 19. Rab1 Qb4 20. Ne5 Qe7
21. Rd3 Qc7 22. Rbd1 Nd7 23. Nxd7 Rxd7 24. Qe5 Rad8 25. Qxc7 Rxc7 26. d5 cxd5
27. cxd5 {illisible} 0-1

[Event "Maplewood Pro Cup"]
[Site "Montreal CAN"]
[Date "2024.06.01"]
[Round "4.5"]
[White "Lin, Leo"]
[Black "Chiku-Ratte, Olivier-Kenta"]
[Result "1-0"]
[WhiteElo "2011"]
[BlackElo "2297"]
[PlyCount "127"]
[EventDate "2024.05.31"]
[EventType "swiss"]
[EventRounds "6"]
[EventCountry "CAN"]

1. e4 c5 2. c3 Nf6 3. e5 Nd5 4. Nf3 d6 5. d4 cxd4 6. cxd4 e6 7. Bd3 Be7 8. O-O
Nd7 9. a3 O-O 10. Qe2 dxe5 11. dxe5 Nc5 12. Bc4 Nb6 13. Rd1 Bd7 14. Ba2 Bb5 15.
Qc2 Qc8 16. Nc3 Ba4 17. Nxa4 Ncxa4 18. Qe4 Qc6 19. Qg4 Qc2 20. Bg5 Bxg5 21.
Nxg5 Nxb2 22. Rac1 Qa4 23. Rd4 Qxa3 24. Nxe6 g6 25. Nxf8 Rxf8 26. e6 Nd3 27.
Rd1 Nxf2 28. exf7+ Kg7 29. Qe2 Rxf7 30. Bxf7 Nxd1 31. Rxd1 Qc5+ 32. Kh1 Kxf7
33. Rf1+ Kg7 34. Qf3 Nd5 35. Qf7+ Kh6 36. h3 Ne3 37. Qf4+ Kg7 38. Qf6+ Kh6 39.
Qf4+ Kg7 40. Re1 Nf5 41. Rc1 Ng3+ 42. Kh2 Ne2 43. Qc7+ Qxc7+ 44. Rxc7+ Kh6 45.
Rxb7 a5 46. Ra7 Nd4 47. Rxa5 Ne2 48. Ra7 g5 49. g4 Kg6 50. Ra6+ Kg7 51. Kg2
Nf4+ 52. Kg3 Ne2+ 53. Kf3 Ng1+ 54. Kg2 Ne2 55. Ra2 Nf4+ 56. Kg3 h5 57. Ra7+ Kh6
58. Ra6+ Ng6 59. Kf3 h4 60. Ke4 Kg7 61. Rxg6+ Kxg6 62. Ke5 Kg7 63. Kf5 Kh6 64.
Kf6 1-0

[Event "Maplewood Pro Cup"]
[Site "Montreal CAN"]
[Date "2024.06.01"]
[Round "4.7"]
[White "Guillemette, Hugo"]
[Black "Gutierrez, Renzo"]
[Result "0-1"]
[WhiteElo "2002"]
[BlackElo "2191"]
[PlyCount "132"]
[EventDate "2024.05.31"]
[EventType "swiss"]
[EventRounds "6"]
[EventCountry "CAN"]

1. e4 e5 2. Nf3 Nc6 3. Bb5 a6 4. Ba4 d6 5. c4 Bd7 6. d4 Nf6 7. Nc3 Be7 8. d5
Nb8 9. Bc2 c5 10. O-O b5 11. Nd2 O-O 12. Ne2 Nh5 13. b3 Bg5 14. Ng3 Nf6 15. Nf3
Bxc1 16. Qxc1 Bg4 17. Nd2 Bh5 18. Bd1 Bg6 19. Be2 Qb6 20. Qc3 Nbd7 21. Qf3 Rfb8
22. Nf5 Bxf5 23. Qxf5 Qd8 24. g3 Qe7 25. Bd3 g6 26. Qh3 Nh5 27. Rae1 b4 28. f4
a5 29. Be2 Ng7 30. Bd1 f6 31. f5 g5 32. Qh6 Kh8 33. h4 gxh4 34. Qxh4 Rg8 35.
Kf2 Ne8 36. Rh1 Nc7 37. Rh2 Rg7 38. Reh1 Rag8 39. Nf1 Nf8 40. Ne3 Rg5 41. Ng4
R8g7 42. Nh6 Na8 43. Bh5 Nb6 44. Ng4 a4 45. Ne3 axb3 46. axb3 Qa7 47. Bd1 Qa1
48. Bc2 Qc3 49. g4 Rxg4 50. Nxg4 Qxc2+ 51. Kf3 Qxb3+ 52. Ne3 Nxc4 53. Re1 Nd7
54. Qh5 Kg8 55. Rhe2 Qc3 56. Qh2 b3 57. Rg1 Rxg1 58. Qxg1+ Kf7 59. Qh2 Nf8 60.
Qh5+ Ke7 61. Qg4 b2 62. Qg7+ Ke8 63. Qb7 Nd7 64. Kf2 Nxe3 65. Re1 Ng4+ 66. Ke2
Qe3+ 0-1

[Event "Maplewood Pro Cup"]
[Site "Montreal CAN"]
[Date "2024.06.01"]
[Round "4.9"]
[White "Zhong, Ryan Yunhui"]
[Black "Clyde, Jordan"]
[Result "1-0"]
[WhiteElo "1934"]
[BlackElo "2066"]
[PlyCount "73"]
[EventDate "2024.05.31"]
[EventType "swiss"]
[EventRounds "6"]
[EventCountry "CAN"]

1. e4 d6 2. d4 Nf6 3. Nc3 c6 4. Nf3 g6 5. Be2 Bg7 6. O-O O-O 7. h3 Qc7 8. Bf4
Nbd7 9. e5 dxe5 10. Nxe5 Qb6 11. Qd2 Nxe5 12. dxe5 Nd5 13. Nxd5 cxd5 14. Qxd5
Qxb2 15. Qc5 b6 16. Qxe7 Bf5 17. Bf3 Rfe8 18. Qc7 Rac8 19. Qxa7 Bxc2 20. Bd5
Rf8 21. Bb3 Ra8 22. Bxf7+ Kh8 23. Qe7 Rxf7 24. Qxf7 Rf8 25. Qc4 b5 26. Qc7 Bd3
27. e6 Bxf1 28. e7 Rg8 29. Rxf1 Qe2 30. Be3 Bf6 31. Rc1 Qxa2 32. Qf4 Qe6 33.
Bd4 Bg7 34. Rc7 g5 35. Bxg7+ Rxg7 36. Qf8+ Rg8 37. e8=Q 1-0

[Event "Maplewood Pro Cup"]
[Site "Montreal CAN"]
[Date "2024.06.01"]
[Round "4.10"]
[White "Abrahams, Daniel"]
[Black "Lalonde, Olivier"]
[Result "1/2-1/2"]
[WhiteElo "2153"]
[BlackElo "1888"]
[PlyCount "72"]
[EventDate "2024.05.31"]
[EventType "swiss"]
[EventRounds "6"]
[EventCountry "CAN"]

1. c4 g6 2. Nf3 Bg7 3. Nc3 e5 4. d4 d6 5. e4 Bg4 6. dxe5 Bxf3 7. Qxf3 dxe5 8.
c5 c6 9. Bc4 Nf6 10. Be3 O-O 11. O-O Qe7 12. b4 Na6 13. Rab1 Nc7 14. Rfd1 Ne6
15. Bxe6 Qxe6 16. Rd6 Qc4 17. Bg5 Nh5 18. Qd3 Qxd3 19. Rxd3 Nf4 20. Rd7 b6 21.
Kf1 Rfb8 22. Be7 Ne6 23. Bd6 Rd8 24. Rb7 bxc5 25. bxc5 Bf8 26. Bxe5 Bxc5 27.
R1b2 Bd4 28. Bxd4 Rxd4 29. f3 Rd3 30. Ne2 a5 31. Re7 Rd1+ 32. Kf2 a4 33. Ke3
Rad8 34. Nf4 Re1+ 35. Ne2 a3 36. Rbb7 Nd4 1/2-1/2

[Event "Maplewood Pro Cup"]
[Site "Montreal CAN"]
[Date "2024.06.01"]
[Round "4.11"]
[White "Han, Johnathan"]
[Black "Jacquet, Stephane"]
[Result "1-0"]
[WhiteElo "2329"]
[BlackElo "1907"]
[PlyCount "91"]
[EventDate "2024.05.31"]
[EventType "swiss"]
[EventRounds "6"]
[EventCountry "CAN"]

1. e4 c5 2. Nf3 g6 3. d4 cxd4 4. Nxd4 Nc6 5. Nc3 Bg7 6. Be3 Nf6 7. Bc4 Qa5 8.
O-O O-O 9. Bb3 d6 10. h3 Bd7 11. Re1 Rac8 12. Nd5 Rfe8 13. Bd2 Qc5 14. Nf3 Nxd5
15. exd5 Na5 16. Be3 Qc7 17. c3 b6 18. Bd4 Nc4 19. Bxg7 Kxg7 20. Qd4+ f6 21.
Re2 Ne5 22. Nd2 Qc5 23. Qh4 Bf5 24. Rae1 Rc7 25. Ne4 Bxe4 26. Rxe4 b5 27. R1e2
a6 28. Qg3 Nc4 29. Rd4 Ne5 30. Kh2 a5 31. a3 a4 32. Bc2 Qa7 33. f4 Nf7 34. Bd3
Qb7 35. Rb4 Rc5 36. c4 Qa8 37. cxb5 Qxd5 38. Be4 Qd1 39. Re1 Qd2 40. Bc6 Rxc6
41. bxc6 Nh6 42. Qe3 Qd5 43. c7 Nf5 44. Qc3 Nh4 45. Re2 Qd1 46. Rbe4 1-0